000 00914nas a2200289 4500
001 BR2011005067
003 BR-BrBNA
005 20231205115553.0
007 ta
008 230509b bl.|||p| |||| 00| 00por d
040 _aBR-BrBNA
_bpor
_cBiblioteca Nacional de Agricultura
041 _a(Pt)
072 _aF01
100 1 _aChagas, J.H.
100 1 _aPinto, J.E.B.P.
100 1 _aBertolucci, S.K.V.
100 1 _aSantos, F.M. do
245 1 _aProdução de biomassa e teor de óleo essencial em função da idade e época de colheita em plantas de hortelã-japonesa
650 _aPLANTA MEDICINAL
650 _aÓLEO ESSENCIAL
650 _aÉPOCA DE COLHEITA
650 _aMENTA
650 _aBIOMASSA
773 0 _tActa Scientiarum. Agronomy (Brazil)
_xISSN 1679-9275
_g(Apr-Jun 2011), v. 33(2) p. 327-334
_wBR2011005067
909 _a202311
_bLúcia
_c55
_dLúcia Elande
942 _2AGRIS
_n0
_cANA
999 _c214510
_d214510